[Event "II Open A"]
[Site "San Marino SMR"]
[Date "2006.06.11"]
[Round "9"]
[White "Di Caro, Calogero"]
[Black "Khmelniker, Ilya"]
[Result "1-0"]
[WhiteElo "2318"]
[BlackElo "2451"]
[PlyCount "73"]
[EventDate "2006.06.05"]

1. d4 Nf6 2. c4 g6 3. g3 Bg7 4. Bg2 O-O 5. Nf3 d6 6. O-O c6 7. Nc3 Bf5 8. b3
Ne4 9. Bb2 Nxc3 10. Bxc3 Be4 11. Qd2 Nd7 12. Qe3 d5 13. Bh3 Bxf3 14. Qxf3 e6
15. Qd3 Nb6 16. Rfd1 Re8 17. a4 f5 18. e3 Rc8 19. c5 Nd7 20. b4 e5 21. b5 e4
22. Qd2 Nf8 23. Rdb1 Qe7 24. a5 Ne6 25. a6 Ng5 26. Bg2 bxa6 27. Rxa6 Nf3+ 28.
Bxf3 exf3 29. Rxc6 Qe4 30. Ra1 Rxc6 31. bxc6 g5 32. c7 h5 33. Qd1 h4 34. Rb1 f4
35. exf4 hxg3 36. hxg3 gxf4 37. Rb8 1-0

[Event "II Open A"]
[Site "San Marino SMR"]
[Date "2006.06.11"]
[Round "9"]
[White "Dimakiling, Oliver"]
[Black "Nolte, Rolando"]
[Result "1/2-1/2"]
[WhiteElo "2452"]
[BlackElo "2372"]
[PlyCount "80"]
[EventDate "2006.06.05"]

1. e4 e5 2. Nf3 Nc6 3. Nc3 Nf6 4. Bc4 Bc5 5. O-O d6 6. h3 a6 7. a4 h6 8. d3 Be6
9. Nd5 Ba7 10. c3 Bxd5 11. Bxd5 Nxd5 12. exd5 Ne7 13. Qb3 Rb8 14. Be3 Bxe3 15.
fxe3 O-O 16. Rf2 c6 17. dxc6 bxc6 18. Qc4 Qb6 19. Re1 a5 20. Nh4 Qa7 21. Qg4
Kh7 22. d4 Qc7 23. Ref1 f6 24. dxe5 dxe5 25. Rd1 Rbd8 26. b4 Qb6 27. Rxd8 Rxd8
28. Qe4+ Kg8 29. Kh2 Qa6 30. Qg4 Rd6 31. Rf3 Qc8 32. Qe4 Qa6 33. Rg3 Qd3 34.
Qg4 g5 35. Qh5 Kg7 36. Qe8 Rd7 37. e4 Qd6 38. Nf5+ Nxf5 39. exf5 Rf7 40. bxa5
Qd7 1/2-1/2

[Event "II Open A"]
[Site "San Marino SMR"]
[Date "2006.06.11"]
[Round "9"]
[White "Diotallevi, Maurizio"]
[Black "Pegoraro, Nicola"]
[Result "1-0"]
[WhiteElo "2153"]
[BlackElo "2057"]
[PlyCount "95"]
[EventDate "2006.06.05"]

1. e4 c5 2. Nf3 e6 3. c3 Nf6 4. d3 d6 5. Be2 Be7 6. O-O O-O 7. a4 Nc6 8. Nbd2
Qc7 9. Re1 d5 10. Qc2 b6 11. Bf1 Bb7 12. Nb3 Rfe8 13. Bg5 h6 14. Bh4 dxe4 15.
dxe4 Ng4 16. Bg3 Bd6 17. Bxd6 Qxd6 18. Rad1 Qc7 19. h3 Nge5 20. Nbd2 Rad8 21.
Bb5 a6 22. Nxe5 axb5 23. Nef3 b4 24. c4 e5 25. Nb3 Nd4 26. Nfxd4 exd4 27. Nc1
Rd6 28. f3 Rg6 29. Nd3 Bc8 30. g4 h5 31. Qh2 Qa7 32. b3 hxg4 33. hxg4 Bxg4 34.
fxg4 Rxg4+ 35. Kf1 Re6 36. Rd2 Qe7 37. Qb8+ Kh7 38. Rh2+ Kg6 39. Nf2 Rg5 40.
Qh8 f5 41. exf5+ Kxf5 42. Qh3+ Kf6 43. Rxe6+ Qxe6 44. Qh4 Qf5 45. Qe4 Kf7 46.
Qxf5+ Rxf5 47. Ke2 Ke6 48. Rh8 1-0

[Event "II Open A"]
[Site "San Marino SMR"]
[Date "2006.06.11"]
[Round "9"]
[White "Dworakowska, Joanna"]
[Black "Naumkin, Igor"]
[Result "1/2-1/2"]
[WhiteElo "2364"]
[BlackElo "2415"]
[PlyCount "65"]
[EventDate "2006.06.05"]

1. e4 e5 2. Nf3 Nc6 3. d4 exd4 4. Nxd4 Bc5 5. Nxc6 Qf6 6. Qd2 dxc6 7. Nc3 Ne7
8. Na4 Bd6 9. f4 b5 10. Nc3 Bc5 11. Bd3 O-O 12. Qe2 Qh4+ 13. g3 Qh3 14. Be3 Bg4
15. Qf2 Bxe3 16. Qxe3 Rfe8 17. Kf2 Nd5 18. Qd2 Nb6 19. f5 b4 20. Nd1 Bxd1 21.
Raxd1 c5 22. b3 Rad8 23. Qf4 c4 24. bxc4 c5 25. a3 bxa3 26. Ra1 Rd4 27. Rxa3
Nxc4 28. Ra4 Ne5 29. Rxd4 cxd4 30. Bf1 Qg4 31. Be2 Qh3 32. Bf1 Qg4 33. Be2
1/2-1/2

[Event "II Open A"]
[Site "San Marino SMR"]
[Date "2006.06.11"]
[Round "9"]
[White "Flores, Diego"]
[Black "Doric, Darko"]
[Result "1-0"]
[WhiteElo "2494"]
[BlackElo "2401"]
[PlyCount "71"]
[EventDate "2006.06.05"]

1. c4 e6 2. Nf3 d5 3. e3 Nf6 4. b3 b6 5. Bb2 Bb7 6. Nc3 Nbd7 7. Rc1 a6 8. cxd5
exd5 9. Bd3 Bd6 10. Bb1 O-O 11. Ne2 Re8 12. Ng3 c5 13. d4 Rc8 14. dxc5 bxc5 15.
O-O Qb6 16. Qc2 Ne4 17. Nxe4 dxe4 18. Nd2 Bb8 19. f4 Nf6 20. Nc4 Qe6 21. h3 Nd5
22. a3 Bc6 23. Qf2 Bb5 24. Rfd1 f6 25. Ba2 Kh8 26. Rc2 Nb6 27. Rcd2 Nxc4 28.
bxc4 Bxc4 29. Bxc4 Qxc4 30. Rd7 Qg8 31. Qh4 Qf8 32. Rxg7 Kxg7 33. Qg5+ Kf7 34.
Qxf6+ Kg8 35. Qh8+ Kf7 36. Qxh7+ 1-0

[Event "II Open A"]
[Site "San Marino SMR"]
[Date "2006.06.11"]
[Round "9"]
[White "Garcia Palermo, Carlos Horacio"]
[Black "Ivanisevic, Ivan"]
[Result "0-1"]
[WhiteElo "2462"]
[BlackElo "2598"]
[PlyCount "50"]
[EventDate "2006.06.05"]

1. d4 Nf6 2. c4 e6 3. Nf3 d5 4. cxd5 exd5 5. Nc3 c6 6. Bg5 Bf5 7. Qb3 Nbd7 8.
Qxb7 Rb8 9. Qxc6 Rxb2 10. g4 Rb6 11. Qa4 Bb4 12. Rc1 Qc7 13. Bd2 Bxg4 14. Ne5
Bxc3 15. Bxc3 Rb1 16. Qa3 Rxc1+ 17. Qxc1 Nxe5 18. dxe5 Ne4 19. Rg1 Bf5 20. Bd2
Qb6 21. e3 O-O 22. Bd3 Rc8 23. Qb1 Qc7 24. Bxe4 Bxe4 25. Qa1 Rb8 0-1

[Event "II Open A"]
[Site "San Marino SMR"]
[Date "2006.06.11"]
[Round "9"]
[White "Goloshchapov, Alexander"]
[Black "Abergel, Thal"]
[Result "1/2-1/2"]
[WhiteElo "2556"]
[BlackElo "2457"]
[PlyCount "33"]
[EventDate "2006.06.05"]

1. e4 c5 2. Nf3 Nc6 3. d4 cxd4 4. Nxd4 Nf6 5. Nc3 d6 6. Bg5 Qb6 7. Be3 a6 8.
Nb3 Qc7 9. Nd5 Nxd5 10. exd5 Ne5 11. Be2 g6 12. Bd4 Bh6 13. O-O O-O 14. f4 Nc4
15. Kh1 b5 16. a3 Nb6 17. Bxb6 1/2-1/2

[Event "II Open A"]
[Site "San Marino SMR"]
[Date "2006.06.11"]
[Round "9"]
[White "Iordachescu, Viorel"]
[Black "Brancaleoni, Maurizio"]
[Result "1-0"]
[WhiteElo "2601"]
[BlackElo "2286"]
[PlyCount "51"]
[EventDate "2006.06.05"]

1. e4 e5 2. Nf3 Nc6 3. Bc4 Bc5 4. c3 Nf6 5. d3 a6 6. Bb3 O-O 7. h3 d5 8. exd5
Nxd5 9. O-O Nf6 10. Re1 Qd6 11. Bc2 Bf5 12. Nh4 Bg6 13. Nxg6 fxg6 14. Be3 Bxe3
15. Rxe3 Ne7 16. Nd2 Ned5 17. Rf3 b5 18. a4 Rae8 19. g3 Kh8 20. Qe2 Qd7 21. h4
Qg4 22. Bd1 Nf4 23. Qf1 Nh3+ 24. Kh2 Qd7 25. Qxh3 Ng4+ 26. Qxg4 1-0

[Event "II Open A"]
[Site "San Marino SMR"]
[Date "2006.06.11"]
[Round "9"]
[White "Jaracz, Pawel"]
[Black "Malakhatko, Vadim"]
[Result "0-1"]
[WhiteElo "2488"]
[BlackElo "2559"]
[PlyCount "152"]
[EventDate "2006.06.05"]

1. e4 e6 2. d4 d5 3. Nc3 Bb4 4. e5 c5 5. a3 Bxc3+ 6. bxc3 Nc6 7. Qg4 g6 8. Qd1
Qa5 9. Bd2 Nge7 10. Nf3 h6 11. h4 Bd7 12. Rb1 Qc7 13. Qc1 Ng8 14. a4 O-O-O 15.
Qa3 c4 16. g3 f5 17. Bg2 Kb8 18. Ke2 Na5 19. Bc1 Bc6 20. Qa2 Ne7 21. Ba3 Nc8
22. Bb4 Ka8 23. Qa3 Rdg8 24. Rh2 Rh7 25. Nd2 b6 26. Bxa5 bxa5 27. Nf1 Qe7 28.
Qc5 Qxc5 29. dxc5 Rb7 30. Rxb7 Kxb7 31. Ne3 Kc7 32. Rh1 Ne7 33. f4 h5 34. Ra1
Rb8 35. Nf1 Rb2 36. Kd1 Bd7 37. Nd2 Rb8 38. Ke2 Ng8 39. Ra2 Nh6 40. Ke3 Nf7 41.
Kd4 Nd8 42. Ke3 Bc8 43. Bh1 Ba6 44. Bg2 Kc6 45. Kd4 Nf7 46. Bh1 Nd8 47. Bg2 Nb7
48. Rb2 Re8 49. Nf3 Nxc5 50. Ng5 Rf8 51. Nh7 Rf7 52. Nf6 Rb7 53. Rxb7 Bxb7 54.
Nxd5 exd5 55. Bxd5+ Kb6 56. Bf7 Bc8 57. Bxg6 Be6 58. Bxh5 Nxa4 59. Be8 Nc5 60.
h5 Bg8 61. Ke3 a4 62. Kd2 a3 63. Kc1 Ne4 64. h6 Bh7 65. Bf7 Kc7 66. Bxc4 Nxg3
67. Kd2 Ne4+ 68. Kd3 Nf2+ 69. Kd4 Ng4 70. Kc5 Nxh6 71. Kb4 Bg8 72. e6 Kd6 73.
Kxa3 Bxe6 74. Bd3 Kc5 75. Ka4 Kb6 76. c4 Bd7+ 0-1

[Event "II Open A"]
[Site "San Marino SMR"]
[Date "2006.06.11"]
[Round "9"]
[White "Kuzubov, Yuriy"]
[Black "Zozulia, Anna"]
[Result "1-0"]
[WhiteElo "2554"]
[BlackElo "2355"]
[PlyCount "64"]
[EventDate "2006.06.05"]

1. d4 g6 2. c4 Bg7 3. Nc3 d6 4. Nf3 Bg4 5. e3 Nf6 6. Be2 O-O 7. O-O c6 8. h3
Bf5 9. Re1 a5 10. Bf1 Ne4 11. Nxe4 Bxe4 12. Nd2 Bf5 13. e4 Bd7 14. Nf3 c5 15.
d5 Na6 16. Bf4 Bxb2 17. Rb1 Bg7 18. e5 Qc7 19. Qd2 Bf5 20. Rb2 Rad8 21. g4 Bc8
22. Bg3 Nb8 23. Rb5 b6 24. Qf4 Na6 25. Rb3 Bd7 26. exd6 exd6 27. Qxd6 Qxd6 28.
Bxd6 Rfe8 29. Rbe3 Rxe3 30. Rxe3 Bf8 31. Be7 Rc8 32. d6 f6 1-0

[Event "II Open A"]
[Site "San Marino SMR"]
[Date "2006.06.11"]
[Round "9"]
[White "Lamoureux, Charles"]
[Black "Scalcione, Michelangelo"]
[Result "0-1"]
[WhiteElo "2376"]
[BlackElo "2255"]
[PlyCount "56"]
[EventDate "2006.06.05"]

1. e4 e5 2. Nf3 d6 3. d4 exd4 4. Nxd4 Nf6 5. Nc3 Be7 6. Be2 O-O 7. O-O Re8 8.
f4 Bf8 9. Bf3 c5 10. Nb3 Nc6 11. Re1 a5 12. a4 Nb4 13. Be3 d5 14. exd5 Bf5 15.
Rc1 Qb6 16. Nd2 Rxe3 17. Rxe3 c4 18. Nxc4 Qc5 19. b3 Re8 20. Kf2 Rxe3 21. Nxe3
Qxc3 22. Nxf5 Bc5+ 23. Kg3 Ne4+ 24. Kh3 Nf2+ 25. Kg3 Nxd1 26. Rxd1 g6 27. Nh6+
Kg7 28. Ng4 Bd6 0-1

[Event "II Open A"]
[Site "San Marino SMR"]
[Date "2006.06.11"]
[Round "9"]
[White "Lettieri, Giuseppe"]
[Black "Borgo, Giulio"]
[Result "0-1"]
[WhiteElo "2285"]
[BlackElo "2414"]
[PlyCount "54"]
[EventDate "2006.06.05"]

1. d4 d5 2. Nc3 e6 3. e4 h6 4. e5 c5 5. f4 cxd4 6. Nb5 Bb4+ 7. Bd2 Bc5 8. Qg4
g6 9. b4 Bb6 10. Nf3 Nc6 11. Bd3 Kf8 12. a4 a6 13. Nd6 Nge7 14. Ke2 Nf5 15. b5
Nxd6 16. bxc6 bxc6 17. Bxg6 Ne4 18. Bxf7 Kxf7 19. f5 exf5 20. Qh5+ Kg7 21. Nh4
Qe8 22. Bxh6+ Kh7 23. Qf3 Kxh6 24. Qf4+ Kg7 25. Rhg1 Qh5+ 26. g4 Qxh4 27. gxf5+
Kf8 0-1

[Event "II Open A"]
[Site "San Marino SMR"]
[Date "2006.06.11"]
[Round "9"]
[White "Nguyen, Chi-Minh"]
[Black "Milanovic, Danilo"]
[Result "1/2-1/2"]
[WhiteElo "2356"]
[BlackElo "2513"]
[PlyCount "39"]
[EventDate "2006.06.05"]

1. d4 Nf6 2. c4 c5 3. d5 b5 4. cxb5 a6 5. Nc3 d6 6. e4 g6 7. f4 Bg7 8. Nf3 O-O
9. a4 Bg4 10. h3 Bxf3 11. Qxf3 Ne8 12. e5 Nd7 13. bxa6 dxe5 14. Bb5 Nc7 15. O-O
Nxa6 16. f5 Nf6 17. Be3 Qd6 18. Rad1 Nb4 19. Qf2 Rac8 20. Bc4 1/2-1/2

[Event "II Open A"]
[Site "San Marino SMR"]
[Date "2006.06.11"]
[Round "9"]
[White "Parligras, Mircea-Emilian"]
[Black "Laylo, Darwin"]
[Result "1-0"]
[WhiteElo "2543"]
[BlackElo "2406"]
[PlyCount "146"]
[EventDate "2006.06.05"]

1. Nf3 d5 2. d4 Nf6 3. c4 c6 4. Nc3 g6 5. Bf4 Bg7 6. e3 O-O 7. Bd3 Nbd7 8. cxd5
Nxd5 9. Nxd5 cxd5 10. O-O Qb6 11. Qb3 Qxb3 12. axb3 f6 13. Bg3 Nb8 14. Bxb8
Rxb8 15. Rxa7 e5 16. dxe5 fxe5 17. e4 Be6 18. b4 Bf6 19. Rc1 Rfd8 20. h3 dxe4
21. Bxe4 Bf5 22. Re1 Bxe4 23. Rxe4 Rd5 24. g4 h6 25. Kg2 Kf7 26. Ra3 Ke6 27.
Rae3 Kd6 28. h4 h5 29. g5 Bg7 30. Ne1 Rd2 31. Nd3 Rf8 32. Kg3 Rf5 33. f3 b5 34.
Nc5 Kd5 35. Ra3 Bf8 36. Rd3+ Rxd3 37. Nxd3 Bd6 38. Kf2 Rf8 39. Ke3 Re8 40. Kd2
Rc8 41. b3 Ra8 42. Nc1 Bc7 43. Ne2 Rf8 44. Nc3+ Kc6 45. Ke2 Rf5 46. Nd1 Bd6 47.
Nf2 Kd5 48. Nd3 Rf7 49. Ke3 Re7 50. Kd2 Ra7 51. Nc1 Bc7 52. Kd3 Ra1 53. Kd2 Bb6
54. Ne2 Rf1 55. Nc3+ Ke6 56. f4 Rxf4 57. Rxf4 exf4 58. Ke2 Bg1 59. Nxb5 Ke5 60.
Kf3 Be3 61. Nc3 Bd2 62. Ne2 Bxb4 63. Nxf4 Kf5 64. Nd3 Bd6 65. b4 Ke6 66. b5 Kd5
67. Nf4+ Ke5 68. b6 Kf5 69. Nd3 Ke6 70. b7 Kd7 71. Nf4 Kc7 72. Nxg6 Kxb7 73.
Nf4 Kc6 1-0

[Event "II Open A"]
[Site "San Marino SMR"]
[Date "2006.06.11"]
[Round "9"]
[White "Tiviakov, Sergei"]
[Black "Torre, Eugenio"]
[Result "1/2-1/2"]
[WhiteElo "2669"]
[BlackElo "2543"]
[PlyCount "93"]
[EventDate "2006.06.05"]

1. e4 b6 2. d4 Bb7 3. Bd3 Nf6 4. Qe2 Nc6 5. c3 e5 6. d5 Ne7 7. Nf3 Ng6 8. h4 h5
9. g3 c6 10. c4 Bb4+ 11. Nbd2 O-O 12. Ng5 Ng4 13. f3 Nh6 14. a3 Be7 15. Nf1 Bc5
16. Nh3 b5 17. dxc6 dxc6 18. Bxh6 gxh6 19. Ne3 bxc4 20. Bxc4 Bc8 21. Nf2 Be6
22. Bxe6 fxe6 23. Nd3 Bd4 24. Nc4 Qf6 25. Rf1 Rab8 26. O-O-O Rb3 27. Rd2 Kh7
28. Kc2 Rb7 29. Kb1 Rg7 30. Ka2 c5 31. f4 exf4 32. e5 Qd8 33. Nxf4 Nxf4 34.
gxf4 Qd5 35. Qd3+ Kh8 36. Kb1 Rfg8 37. f5 exf5 38. Rxf5 Rg1+ 39. Ka2 R8g3 40.
e6 Qxe6 41. Re2 Qg8 42. Qc2 Rc3 43. bxc3 Qxc4+ 44. Kb2 Qb5+ 45. Ka2 Qc4+ 46.
Kb2 Qb5+ 47. Ka2 1/2-1/2

[Event "II Open A"]
[Site "San Marino SMR"]
[Date "2006.06.11"]
[Round "9"]
[White "Toma, Katarzyna"]
[Black "Kanina, Adriatik"]
[Result "1-0"]
[WhiteElo "2238"]
[BlackElo "2150"]
[PlyCount "81"]
[EventDate "2006.06.05"]

1. e4 c6 2. d4 d5 3. e5 e6 4. Nc3 b6 5. f4 Nh6 6. Nf3 Bb4 7. Bd3 Ba6 8. Bxa6
Nxa6 9. Qd3 Nc7 10. Bd2 Bxc3 11. Qxc3 Qd7 12. a4 O-O 13. O-O Rac8 14. Qd3 f5
15. exf6 gxf6 16. Nh4 f5 17. Nf3 Nf7 18. Ne5 Nxe5 19. fxe5 Kh8 20. Bg5 Ne8 21.
Rf3 Rc7 22. a5 b5 23. Raf1 Rg8 24. Rg3 Rg6 25. Qe3 Qg7 26. Rff3 Kg8 27. h4 Qf7
28. h5 Rg7 29. Bh6 Qxh5 30. Bxg7 Rxg7 31. Rh3 Qf7 32. Qh6 Qg6 33. Qxg6 hxg6 34.
Rc3 Rc7 35. Rc5 g5 36. Rhc3 f4 37. Rxc6 Re7 38. R3c5 Kg7 39. Rxb5 a6 40. Rxa6
Kg6 41. Rc6 1-0

[Event "II Open A"]
[Site "San Marino SMR"]
[Date "2006.06.11"]
[Round "9"]
[White "Venturino, Marco"]
[Black "Meenakshi, Subbaraman"]
[Result "0-1"]
[WhiteElo "2134"]
[BlackElo "2282"]
[PlyCount "80"]
[EventDate "2006.06.05"]

1. d4 Nf6 2. c4 c5 3. d5 b5 4. Nf3 Bb7 5. Nbd2 d6 6. e4 b4 7. e5 dxe5 8. Nxe5
e6 9. Qa4+ Nbd7 10. dxe6 fxe6 11. Ndf3 Bd6 12. Bg5 Qc7 13. Nxd7 Nxd7 14. Be2
O-O 15. O-O-O Nf6 16. Bh4 a5 17. Bg3 Bf4+ 18. Kb1 e5 19. Bxf4 exf4 20. Ng5 Rfe8
21. Bf3 h6 22. Bxb7 Qxb7 23. Nf3 Re2 24. Rd2 Rxd2 25. Nxd2 Qxg2 26. Rc1 Qxf2
27. Nb3 Qe3 28. Qc6 Qe4+ 29. Qxe4 Nxe4 30. Re1 Nd6 31. Rf1 g5 32. h4 Ne4 33.
hxg5 hxg5 34. Re1 f3 35. Rxe4 f2 36. Nd2 Rd8 37. Re5 Rxd2 38. Rxg5+ Kh7 39.
Rh5+ Kg6 40. Rh1 Re2 0-1

[Event "II Open A"]
[Site "San Marino SMR"]
[Date "2006.06.11"]
[Round "9"]
[White "Vescovi Portilho, Giovanni"]
[Black "Vazquez Igarza, Renier"]
[Result "1/2-1/2"]
[WhiteElo "2622"]
[BlackElo "2517"]
[PlyCount "116"]
[EventDate "2006.06.05"]

1. e4 c5 2. Nf3 e6 3. d3 Nc6 4. g3 d5 5. Qe2 Nge7 6. Bg2 g6 7. O-O Bg7 8. c3 b6
9. e5 Qc7 10. Re1 h6 11. h4 Ba6 12. Na3 O-O-O 13. Nc2 Kb8 14. a4 Na5 15. Ra3 c4
16. d4 Bb7 17. Bf4 Nf5 18. Ne3 Bf8 19. Ra2 Bc6 20. Nxf5 gxf5 21. Nd2 Qd7 22.
Bf3 Bxa4 23. Bxd5 Qxd5 24. Rxa4 Rc8 25. Rea1 Rg8 26. Qf3 Qxf3 27. Nxf3 Nb3 28.
Rd1 b5 29. Ra2 a5 30. d5 Bc5 31. d6 a4 32. Kf1 Rh8 33. Nd2 Kb7 34. Nxb3 cxb3
35. Raa1 Kc6 36. Ke2 Ra8 37. h5 Kd7 38. Rh1 Kc6 39. Rh4 f6 40. exf6 e5 41. Bxe5
Rhe8 42. f4 Bxd6 43. Kf3 Bxe5 44. fxe5 Rxe5 45. Rb4 Kc5 46. Rxb3 Re4 47. Rba3
Rf8 48. b3 axb3 49. Rxb3 Rxf6 50. Ra8 Rg4 51. Rb4 Rg5 52. Rb8 Rb6 53. Rxb6 Kxb6
54. c4 Kc5 55. Rxb5+ Kxc4 56. Ra5 Kd4 57. Kf4 Rg4+ 58. Kf3 Rg5 1/2-1/2

[Event "II Open A"]
[Site "San Marino SMR"]
[Date "2006.06.11"]
[Round "9"]
[White "Vijayalakshmi, Subbaraman"]
[Black "Lujan, Carolina Maria"]
[Result "1-0"]
[WhiteElo "2472"]
[BlackElo "2378"]
[PlyCount "71"]
[EventDate "2006.06.05"]

1. Nf3 Nf6 2. g3 g6 3. Bg2 Bg7 4. O-O O-O 5. d4 d5 6. Be3 c6 7. Qc1 Re8 8. Na3
Bg4 9. h3 Bxf3 10. Bxf3 Nbd7 11. c3 e5 12. dxe5 Nxe5 13. Bg2 Qa5 14. Qc2 Rad8
15. Rad1 Qa6 16. Rd4 b6 17. Rh4 Ned7 18. Re1 Nc5 19. c4 Nce4 20. cxd5 cxd5 21.
Rf4 Nh5 22. Rf3 Qa5 23. Rd1 Qb4 24. Bc1 Bd4 25. Qd3 Bxb2 26. Nc2 Qc3 27. Bxb2
Qxb2 28. a3 Rc8 29. Ne3 Nc3 30. Rd2 Qxa3 31. Kh2 Qe7 32. Ng4 Qg5 33. Rc2 d4 34.
Qxd4 Nxe2 35. Qd7 Qd8 36. Nh6+ 1-0

[Event "II Open A"]
[Site "San Marino SMR"]
[Date "2006.06.11"]
[Round "9"]
[White "Vocaturo, Daniele"]
[Black "Mola, Pietro"]
[Result "1-0"]
[WhiteElo "2402"]
[BlackElo "2279"]
[PlyCount "119"]
[EventDate "2006.06.05"]

1. e4 c5 2. Nf3 d6 3. d4 cxd4 4. Nxd4 Nf6 5. Nc3 a6 6. Bg5 e6 7. f4 Be7 8. Qf3
Qc7 9. O-O-O Nbd7 10. g4 b5 11. Bxf6 Nxf6 12. g5 Nd7 13. f5 Bxg5+ 14. Kb1 Ne5
15. Qh5 Bf6 16. Nxe6 Bxe6 17. fxe6 O-O 18. Nd5 Qd8 19. Bh3 g6 20. Qe2 fxe6 21.
Bxe6+ Kh8 22. Rdf1 Bg7 23. Rxf8+ Qxf8 24. Rf1 Qd8 25. Qe1 Rb8 26. h4 Qe8 27.
Nf4 Nc4 28. c3 Nxb2 29. Kxb2 b4 30. Kc2 Bxc3 31. Qe2 Be5 32. Qc4 Qa4+ 33. Kb1
Qa5 34. Qd5 Qa4 35. Qb3 Qb5 36. Nd3 Bg7 37. Qd5 b3 38. Qxb5 bxa2+ 39. Kxa2 Rxb5
40. Bd5 Rb8 41. Rf7 Rf8 42. Ra7 Bf6 43. h5 gxh5 44. Rxa6 Rd8 45. Be6 Kg7 46.
Bf5 Kh6 47. Ra7 Kg5 48. Ra5 d5 49. Be6 Kh4 50. exd5 Kg3 51. Nc5 Bd4 52. Ra3+
Kg2 53. Nd3 Rb8 54. d6 h4 55. d7 Kg1 56. Ra4 Bf6 57. Rf4 Be7 58. Rf7 Bg5 59.
Rxh7 Kf1 60. Ne5 1-0

[Event "II Open Internazionale"]
[Site "Lodi ITA"]
[Date "2006.06.05"]
[Round "1"]
[White "Arboscelli, Gregorio"]
[Black "Mrdja, Milan"]
[Result "0-1"]
[WhiteElo "1894"]
[BlackElo "2409"]
[PlyCount "68"]
[EventDate "2006.06.05"]

1. d4 g6 2. e4 Bg7 3. Nf3 d6 4. Nc3 a6 5. a4 b6 6. Be3 Bb7 7. Qd2 Nd7 8. Bc4 e6
9. O-O h6 10. Rad1 Ne7 11. Rfe1 Nf6 12. Bd3 g5 13. Qe2 Qd7 14. e5 Nfd5 15. Nxd5
Nxd5 16. exd6 cxd6 17. c4 Nxe3 18. Qxe3 O-O 19. b3 Rae8 20. h4 g4 21. Nd2 f5
22. d5 exd5 23. Qxb6 d4 24. Rxe8 Rxe8 25. Bxf5 Qxf5 26. Qxb7 Qc2 27. Rf1 Qxd2
28. Qxa6 Qf4 29. c5 dxc5 30. Qc4+ Qf7 31. Qxc5 Qxb3 32. a5 d3 33. Qc6 Re6 34.
Qd7 Qc4 0-1

[Event "II Open Internazionale"]
[Site "Lodi ITA"]
[Date "2006.06.05"]
[Round "1"]
[White "Astengo, Marcello"]
[Black "Drazic, Sinisa"]
[Result "0-1"]
[WhiteElo "2096"]
[BlackElo "2497"]
[PlyCount "80"]
[EventDate "2006.06.05"]

1. d4 e6 2. c4 d5 3. Nc3 c6 4. cxd5 exd5 5. Nf3 Bd6 6. Bg5 Ne7 7. e3 Qb6 8. Qd2
Ng6 9. Bd3 h6 10. Qc2 hxg5 11. Bxg6 Qd8 12. Bd3 g4 13. Ne5 Bxe5 14. dxe5 Be6
15. O-O-O Nd7 16. e4 d4 17. Ne2 Qg5+ 18. Kb1 Qxe5 19. f4 gxf3 20. gxf3 g5 21.
h4 gxh4 22. f4 Qa5 23. b3 Bg4 24. Rd2 Qc5 25. Qb2 O-O-O 26. Rc1 Qb6 27. Nxd4
Ne5 28. Bb5 Nf3 29. Nxf3 Bxf3 30. Rxd8+ Qxd8 31. Qe5 Rh6 32. Bc4 Qf6 33. Qe8+
Kc7 34. e5 Rh8 35. Qxf7+ Qxf7 36. Bxf7 h3 37. f5 h2 38. e6 h1=Q 39. Rxh1 Rxh1+
40. Kb2 Kd6 0-1

[Event "II Open Internazionale"]
[Site "Lodi ITA"]
[Date "2006.06.05"]
[Round "1"]
[White "Borda, Alan"]
[Black "Varga, Zoltan"]
[Result "0-1"]
[WhiteElo "2105"]
[BlackElo "2515"]
[PlyCount "64"]
[EventDate "2006.06.05"]

1. e4 Nf6 2. Nc3 d5 3. e5 Nfd7 4. e6 fxe6 5. Nf3 c5 6. d4 Nc6 7. Bb5 g6 8. O-O
Bg7 9. Bxc6 bxc6 10. Ng5 Nf8 11. dxc5 h6 12. Nf3 e5 13. b4 Bg4 14. Bb2 Rb8 15.
b5 d4 16. Ne4 Rxb5 17. Bc1 Ne6 18. a4 Rb8 19. h3 Bf5 20. Nfd2 O-O 21. Re1 Qd5
22. Ba3 g5 23. Qe2 Nf4 24. Qc4 Be6 25. Qxd5 cxd5 26. Ng3 e4 27. Rab1 d3 28.
Rxb8 Rxb8 29. cxd3 Nxd3 30. Rb1 Rxb1+ 31. Nxb1 Bd7 32. a5 Bd4 0-1

[Event "II Open Internazionale"]
[Site "Lodi ITA"]
[Date "2006.06.05"]
[Round "1"]
[White "Carbone, Lorenzo"]
[Black "Peredy, Ferenc"]
[Result "0-1"]
[WhiteElo "1814"]
[BlackElo "2343"]
[PlyCount "80"]
[EventDate "2006.06.05"]

1. e4 c6 2. c4 d5 3. exd5 cxd5 4. cxd5 Nf6 5. Nc3 Nxd5 6. Bb5+ Bd7 7. Qa4 Nb6
8. Qf4 Nc6 9. Nf3 Qb8 10. Qxb8+ Rxb8 11. d4 a6 12. Bd3 Nb4 13. Bb1 Bc6 14. Nh4
Rd8 15. a3 N4d5 16. O-O g6 17. Ba2 Bg7 18. Nf3 O-O 19. Ne5 Nxc3 20. bxc3 Bxe5
21. dxe5 Rd3 22. Be3 Na4 23. Rfc1 Nxc3 24. Rc2 Rfd8 25. h3 Nxa2 26. Raxa2 R8d5
27. Rd2 Kf8 28. Rxd3 Rxd3 29. Rd2 Rxa3 30. Rd8+ Kg7 31. Bc5 Ra1+ 32. Kh2 Ra5
33. Bb6 Rb5 34. Bc7 Rc5 35. g4 g5 36. Rd2 a5 37. Rd1 Ba4 38. Bb6 Rb5 39. Ra1
Rxb6 40. Rxa4 Ra6 0-1

[Event "II Open Internazionale"]
[Site "Lodi ITA"]
[Date "2006.06.05"]
[Round "1"]
[White "Castellanos Rodriguez, Renier"]
[Black "Brigati, Alessandro"]
[Result "1-0"]
[WhiteElo "2467"]
[BlackElo "2080"]
[PlyCount "91"]
[EventDate "2006.06.05"]

1. e4 d6 2. d4 Nf6 3. Nc3 g6 4. Be3 Bg7 5. Qd2 c6 6. h3 b5 7. Bd3 Nbd7 8. Nf3
Bb7 9. O-O Qc7 10. Bh6 O-O 11. Rfe1 e5 12. dxe5 dxe5 13. Ne2 c5 14. Ng3 Bxh6
15. Qxh6 c4 16. Bf1 Nc5 17. Ng5 Qe7 18. Re3 Ne6 19. a4 a6 20. b3 Rfc8 21. bxc4
bxa4 22. Rxa4 Rc7 23. Ra5 Nf4 24. Nf5 gxf5 25. Rg3 Ng6 26. exf5 Rac8 27. fxg6
fxg6 28. c5 Rxc5 29. Rxc5 Rxc5 30. Nxh7 Qxh7 31. Rxg6+ Kh8 32. Qf8+ Ng8 33.
Rxg8+ Qxg8 34. Qxc5 Qg7 35. c4 Kh7 36. Qd6 a5 37. c5 a4 38. c6 Bc8 39. Bd3+ Kg8
40. Qd8+ Qf8 41. Bc4+ Kg7 42. Qg5+ Kh7 43. Bd3+ e4 44. Bxe4+ Kh8 45. Qh5+ Kg7
46. Qg6+ 1-0

[Event "II Open Internazionale"]
[Site "Lodi ITA"]
[Date "2006.06.05"]
[Round "1"]
[White "Contin, Daniel"]
[Black "Masotti, Roberto"]
[Result "1-0"]
[WhiteElo "2396"]
[BlackElo "1856"]
[PlyCount "67"]
[EventDate "2006.06.05"]

1. e4 e6 2. d4 d5 3. Nc3 Nf6 4. e5 Nfd7 5. f4 c5 6. Nf3 Nc6 7. Be3 a6 8. Qd2 b5
9. dxc5 Bxc5 10. Bxc5 Nxc5 11. Bd3 b4 12. Ne2 a5 13. O-O Qb6 14. Kh1 Nxd3 15.
cxd3 O-O 16. f5 exf5 17. Nf4 Be6 18. Nh5 h6 19. Rae1 Rac8 20. Qf4 Ne7 21. Nd4
Rc7 22. Rf3 Ng6 23. Qe3 Rfc8 24. Rg3 Kh7 25. h4 f4 26. Nxf4 Nxf4 27. Qxf4 Rf8
28. Rf1 a4 29. Qe3 Qb8 30. Kh2 Qd8 31. Rxg7+ Kxg7 32. Rf6 Qxf6 33. exf6+ Kxf6
34. Qf4+ 1-0

[Event "II Open Internazionale"]
[Site "Lodi ITA"]
[Date "2006.06.05"]
[Round "1"]
[White "Efimov, Igor"]
[Black "Majer, Christopher E."]
[Result "1-0"]
[WhiteElo "2437"]
[BlackElo "1993"]
[PlyCount "67"]
[EventDate "2006.06.05"]

1. d4 Nf6 2. c4 c5 3. d5 b5 4. cxb5 a6 5. bxa6 g6 6. Nc3 Bxa6 7. g3 Bg7 8. Bg2
d6 9. Nf3 O-O 10. O-O Nbd7 11. Rb1 Ra7 12. b3 Qa8 13. Re1 Rb8 14. Bg5 h6 15.
Bf4 Rb4 16. h3 Ne8 17. Bd2 Nc7 18. Qc1 Kh7 19. Qc2 c4 20. h4 cxb3 21. Rxb3 Rxb3
22. axb3 Kg8 23. Be3 Rb7 24. Nd4 Nc5 25. Nc6 Nxb3 26. h5 g5 27. Nxe7+ Kh8 28.
Qf5 Ne8 29. Qxf7 Nf6 30. Ne4 Ng8 31. Ng6+ Kh7 32. Qf5 Bd4 33. Nxd6 Rc7 34. Ne7+
1-0

[Event "II Open Internazionale"]
[Site "Lodi ITA"]
[Date "2006.06.05"]
[Round "1"]
[White "Gandolfi, Gianfranco"]
[Black "Philippe, Christophe"]
[Result "0-1"]
[WhiteElo "1875"]
[BlackElo "2399"]
[PlyCount "76"]
[EventDate "2006.06.05"]

1. e4 Nf6 2. Nc3 d5 3. e5 Nfd7 4. d4 c5 5. dxc5 e6 6. Nf3 Nc6 7. Bf4 Bxc5 8.
Bd3 h6 9. Qe2 g5 10. Bg3 Qa5 11. O-O Nb4 12. a3 Nxd3 13. cxd3 Be7 14. Nd4 h5
15. h3 h4 16. Bh2 a6 17. b4 Qb6 18. Nb3 Nb8 19. Kh1 Bd7 20. f4 Nc6 21. fxg5
Bxg5 22. Nc5 O-O-O 23. Rxf7 Ne7 24. Nxd7 Rxd7 25. Raf1 Qc6 26. Nd1 Rg8 27. Rf8+
Rxf8 28. Rxf8+ Rd8 29. Rxd8+ Kxd8 30. Qb2 Nf5 31. Qc3 Kd7 32. Qxc6+ Kxc6 33.
Nc3 Bc1 34. Nb1 d4 35. Kg1 Kb5 36. Kf2 Ka4 37. Kf3 Kb3 38. Bf4 Kc2 0-1